Statistics for Champions League winning managers - with hints!

Click here to take the quiz!

General Stats

  • This quiz has been taken 27 times
  • The average score is 121 of 295

Answer Stats

COACH% Correct
Carlo Ancelotti
79%
ITA
79%
A
74%
Alex Ferguson
74%
B
74%
C
74%
ITA
74%
José Mourinho
74%
José Mourinho
74%
Josep Guardiola
74%
Josep Guardiola
74%
Liverpool
74%
Milan
74%
R
74%
Real Madrid
74%
A
68%
Alex Ferguson
68%
Barcelona
68%
C
68%
Carlo Ancelotti
68%
ESP
68%
Frank Rijkaard
68%
G
68%
G
68%
J
68%
J
68%
J
68%
J
68%
M
68%
Marseille
68%
POR
68%
POR
68%
Porto
68%
Rafael Benítez
68%
SCO
68%
A
63%
A
63%
Barcelona
63%
Bayern Munich
63%
Chelsea
63%
D
63%
d
63%
ESP
63%
ESP
63%
ESP
63%
F
63%
F
63%
F
63%
H
63%
Internazionale
63%
ITA
63%
ITA
63%
Johan Cruyff
63%
Jupp Heynckes
63%
Juventus
63%
Louis van Gaal
63%
M
63%
Manchester United
63%
Manchester United
63%
Milan
63%
R
63%
R
63%
Real Madrid
63%
Real Madrid
63%
SCO
63%
V
63%
Vicente del Bosque
63%
A
58%
Ajax
58%
Barcelona
58%
Barcelona
58%
Bayern Munich
58%
Borussia Dortmund
58%
C
58%
C
58%
d
58%
ESP
58%
GER
58%
GER
58%
H
58%
ITA
58%
J
58%
J
58%
J
58%
Jupp Heynckes
58%
L
58%
L
58%
M
58%
Milan
58%
NED
58%
NED
58%
NED
58%
Real Madrid
58%
Real Madrid
58%
Real Madrid
58%
Real Madrid
58%
Red Star Belgrade
58%
Roberto Di Matteo
58%
v
58%
V
58%
Vicente del Bosque
58%
Aston Villa
53%
C
53%
Carlo Ancelotti
53%
F
53%
Fabio Capello
53%
GER
53%
GER
53%
ITA
53%
Liverpool
53%
O
53%
O
53%
Ottmar Hitzfeld
53%
Ottmar Hitzfeld
53%
PSV Eindhoven
53%
Real Madrid
53%
Bayern Munich
47%
Bayern Munich
47%
BEL
47%
Benfica
47%
Benfica
47%
Feyenoord
47%
H
47%
H
47%
Internazionale
47%
Liverpool
47%
Liverpool
47%
Liverpool
47%
Marcello Lippi
47%
Milan
47%
Milan
47%
Milan
47%
Nottingham Forest
47%
Nottingham Forest
47%
Porto
47%
R
47%
Real Madrid
47%
Real Madrid
47%
Ajax
42%
Ajax
42%
Ajax
42%
Arrigo Sacchi
42%
Arrigo Sacchi
42%
Bayern Munich
42%
Celtic
42%
ESP
42%
G
42%
Hamburg
42%
Internazionale
42%
ITA
42%
ITA
42%
Juventus
42%
Manchester United
42%
Milan
42%
A
37%
A
37%
B
37%
B
37%
ENG
37%
ENG
37%
Guus Hiddink
37%
NED
37%
Raymond Goethals
37%
S
37%
B
32%
B
32%
ENG
32%
ENG
32%
ESP
32%
ESP
32%
ESP
32%
G
32%
GER
32%
GER
32%
H
32%
ITA
32%
P
32%
P
32%
S
32%
Steaua București
32%
YUG
32%
ARG
26%
ARG
26%
AUT
26%
B
26%
B
26%
C
26%
E
26%
ENG
26%
ENG
26%
ENG
26%
GER
26%
ITA
26%
ITA
26%
J
26%
K
26%
L
26%
M
26%
M
26%
NED
26%
P
26%
P
26%
POR
26%
R
26%
ROU
26%
ROU
26%
Ș
26%
SCO
26%
SCO
26%
V
26%
AUT
21%
B
21%
B
21%
Bob Paisley
21%
Bob Paisley
21%
Brian Clough
21%
Brian Clough
21%
C
21%
C
21%
D
21%
E
21%
Ernst Happel
21%
Ernst Happel
21%
G
21%
G
21%
G
21%
Giovanni Trapattoni
21%
H
21%
H
21%
H
21%
H
21%
H
21%
H
21%
HUN
21%
HUN
21%
J
21%
K
21%
L
21%
Ljupko Petrović
21%
M
21%
M
21%
M
21%
M
21%
N
21%
R
21%
Rinus Michels
21%
Ș
21%
T
21%
U
21%
V
21%
A
16%
ARG
16%
ARG
16%
B
16%
Béla Guttmann
16%
Béla Guttmann
16%
Bob Paisley
16%
C
16%
C
16%
C
16%
D
16%
F
16%
Helenio Herrera
16%
Helenio Herrera
16%
J
16%
J
16%
J
16%
L
16%
L
16%
Matt Busby
16%
Miguel Muñoz
16%
Miguel Muñoz
16%
N
16%
R
16%
ROU
16%
S
16%
T
16%
Udo Lattek
16%
Dettmar Cramer
11%
Dettmar Cramer
11%
E
11%
Emerich Jenei
11%
J
11%
Jock Stein
11%
Joe Fagan
11%
José Villalonga
11%
José Villalonga
11%
Luis Carniglia
11%
Luis Carniglia
11%
Nereo Rocco
11%
Nereo Rocco
11%
Ștefan Kovács
11%
Ștefan Kovács
11%
Artur Jorge
5%
Tony Barton
5%

Score Distribution

Percentile by Number Answered

Percent of People with Each Score

Your Score History

You have not taken this quiz